| 000 | 00606cam a2200217u 4500 | ||
|---|---|---|---|
| 999 |
_c1748 _d1748 |
||
| 001 | 7465808 | ||
| 003 | OSt | ||
| 005 | 20180920160353.0 | ||
| 008 | 820104s1956 miu 000 0 eng | ||
| 010 | _a 56041989 | ||
| 040 |
_aDLC _cCarP _dDLC |
||
| 050 | 0 | 0 |
_aBV4810 _b.B77 |
| 082 |
_a242 _bB9154C |
||
| 100 | 1 |
_aBryant, Al, _d1926- [from old catalog] _ecomp. |
|
| 245 | 1 | 0 | _aClimbing the heights; |
| 260 |
_aGrand Rapids, _bZondervan Pub. House _c[1956] |
||
| 300 |
_a382 p. _a365 p.: _c20 cm. |
||
| 650 | 0 | _aDevotional calendars. | |
| 906 |
_a0 _bcbc _cpremunv _du _encip _f19 _gy-gencatlg |
||
| 942 |
_2ddc _cBK |
||